LEADER 00871nam0-22002891i-450- 001 990006245630403321 005 19980601 035 $a000624563 035 $aFED01000624563 035 $a(Aleph)000624563FED01 035 $a000624563 100 $a19980601d1962----km-y0itay50------ba 105 $a--------00-yy 200 1 $aAsthetische Sittlichkeit$eversuch uber Friedrich Schlegels Systementwurf zur Begrundung der Dichtungskritik$fKlaus Briegleb. 210 $aTubingen$cMax Niemeyer$d1962 215 $a262 p.$d24 cm 225 1 $a"Hermanea Germanistische Forschungen"$v12 676 $a340.1 700 1$aBriegleb,$bKlaus$0157180 801 0$aIT$bUNINA$gRICA$2UNIMARC 901 $aBK 912 $a990006245630403321 952 $aXI C 588 (12)$b85812$fFGBC 959 $aFGBC 996 $aAsthetische Sittlichkeit$9638853 997 $aUNINA DB $aGIU01 LEADER 01980nas 2200625-a 450 001 9910144799103321 005 20260218113034.0 011 $a1525-9153 035 $a(DE-599)ZDB2142589-9 035 $a(OCoLC)41927362 035 $a(CKB)991042732657612 035 $a(CONSER)sn-99004175- 035 $a(DcWaBHL)57881 035 $a(DE-599)2142589-9 035 $a(EXLCZ)99991042732657612 100 $a19990720a19969999 s-- a 101 0 $aeng 135 $aurcn||||||||| 181 $ctxt$2rdacontent 182 $cc$2rdamedia 183 $acr$2rdacarrier 200 10$aAmphibian & Reptile Conservation 210 $aProvo, Utah $cAmphibian & Reptile Conservation 210 3 $aModesto, Calif. $cCraig Hassapakis $cAmphibian and Reptile Conservation 215 $a1 online resource 300 $aRefereed/Peer-reviewed 300 $a"Supporting the sustainable management of amphibian and reptile biodiversity." 311 08$a1083-446X 517 1 $aAmphibian and Reptile Conservation 517 1 $aARC 531 $aAMPHIBIAN AND REPTILE CONSERVATION 531 $aAMPHIB REPTILE CONSERV 531 0 $aAmphib. reptile conserv. 531 10$aAmphib Reptile Conserv 606 $aAmphibians$xConservation$vPeriodicals 606 $aReptiles$xConservation$vPeriodicals 606 $aEndangered species$vPeriodicals 606 $aAmphibians 606 $aReptiles 606 $aConservation of Natural Resources 606 $aEndangered species$2fast$3(OCoLC)fst00909658 608 $aPeriodical. 608 $aPeriodicals.$2fast 615 0$aAmphibians$xConservation 615 0$aReptiles$xConservation 615 0$aEndangered species 615 12$aAmphibians. 615 22$aReptiles. 615 22$aConservation of Natural Resources. 615 7$aEndangered species. 676 $a597.8 906 $aJOURNAL 912 $a9910144799103321 996 $aAmphibian & Reptile Conservation$91939945 997 $aUNINA